| 000 | 00830nam a2200265Ia 4500 | ||
|---|---|---|---|
| 003 | OSt | ||
| 005 | 20220918212058.0 | ||
| 006 | a|||||r|||| 00| 0 | ||
| 007 | ta | ||
| 008 | 220917b |||||||| |||| 00| 0 eng d | ||
| 024 | _a127,124 | ||
| 037 | _cTextual | ||
| 040 |
_aARTS _cARTS _beng |
||
| 041 |
_2eng _aeng |
||
| 082 | _aX.40r6, N4 (906) | ||
| 100 |
_aNaya Seiji _9122368 |
||
| 245 | 0 | _aRelevance of Asian development experiences to African problems | |
| 260 |
_aUSA _bAn international centre for Economic Growth Publications _c1994 |
||
| 300 |
_a75p. _ccm. |
||
| 490 | _aInternational centre for economic growth occasional papers; 39 | ||
| 650 | _aECONOMICS | ||
| 700 |
_a Mccleery Robert _9122369 |
||
| 942 |
_hX.40r6, N4 (906) _cTEXL _2CC |
||
| 999 |
_c250266 _d250266 |
||